Online
Catalog

Jesucristo evangelio viviente del Padre / (Record no. 21572)

MARC details
000 -CABECERA
campo de control de longitud fija 01209nam a2200277 a 4500
001 - NÚMERO DE CONTROL
campo de control 000022074
005 - FECHA Y HORA DE LA ÚLTIMA TRANSACCIÓN
campo de control 20240502132913.0
008 - DATOS DE LONGITUD FIJA--INFORMACIÓN GENERAL
campo de control de longitud fija 100916s1997 dr a 001 0dspa d
040 ## - FUENTE DE LA CATALOGACIÓN
Centro catalogador/agencia de origen DO-SdBNP
Lengua de catalogación spa
Centro/agencia transcriptor BNPHU
082 ## - NÚMERO DE LA CLASIFICACIÓN DECIMAL DEWEY
Número de clasificación 232
Número de documento/Ítem M516j, 1997
100 1# - ENTRADA PRINCIPAL--NOMBRE DE PERSONA
Nombre de persona Mejía Vallejo, Fausto Ramón
9 (RLIN) 20492
245 10 - MENCIÓN DE TÍTULO
Título Jesucristo evangelio viviente del Padre /
Mención de responsabilidad, etc. Fausto Ramón Mejía Vallejo, José Salvador Mejía ; prólogo Mateo Andrés.
250 ## - MENCIÓN DE EDICIÓN
Mención de edición 2ª ed.
260 ## - PUBLICACIÓN, DISTRIBUCIÓN, ETC.
Lugar de publicación, distribución, etc. Santo Domingo :
Nombre del editor, distribuidor, etc. MSC,
Fecha de publicación, distribución, etc. 1997.
300 ## - DESCRIPCIÓN FÍSICA
Extensión 173 p. :
Otras características físicas il. ;
Dimensiones 22 cm.
505 0# - NOTA DE CONTENIDO CON FORMATO
Información miscelánea Prólogo /
Título Mateo Andrés --
-- Introducción: Jesús evangelizador --
-- Preparando la llegada del Mesías --
-- El nacimiento de Cristo-Mesías --
-- ¿Quien es Jesucristo? --
-- El proceder de Jesús --
-- La finalidad de Jesús: El Reino --
-- El sentido liberador de Jesús --
-- Jesús continúa en el tiempo.
590 ## - NOTA LOCAL (RLIN)
Nota local Inventariado, 2018/BT
600 14 - PUNTO DE ACCESO ADICIONAL DE MATERIA--NOMBRE DE PERSONA
Nombre de persona JESUCRISTO
9 (RLIN) 444
600 14 - PUNTO DE ACCESO ADICIONAL DE MATERIA--NOMBRE DE PERSONA
Nombre de persona JESUCRISTO-DIVINIDAD
9 (RLIN) 45728
600 14 - PUNTO DE ACCESO ADICIONAL DE MATERIA--NOMBRE DE PERSONA
Nombre de persona ESPÍRITU SANTO
9 (RLIN) 45729
650 #0 - PUNTO DE ACCESO ADICIONAL DE MATERIA--TÉRMINO DE MATERIA
Término de materia o nombre geográfico como elemento de entrada Cristianismo
9 (RLIN) 885
650 #4 - PUNTO DE ACCESO ADICIONAL DE MATERIA--TÉRMINO DE MATERIA
Término de materia o nombre geográfico como elemento de entrada Escatología
9 (RLIN) 45730
700 1# - PUNTO DE ACCESO ADICIONAL--NOMBRE DE PERSONA
Nombre de persona Mejía, José Salvador
9 (RLIN) 45731
700 1# - PUNTO DE ACCESO ADICIONAL--NOMBRE DE PERSONA
Nombre de persona Andrés, Mateo,
Término indicativo de función/relación pról.
9 (RLIN) 7205
910 ## - DATOS DE OPCIÓN DEL USUARIO (OCLC)
Datos de opción del usuario Validado. Control de calidad. EMS
Holdings
Estado de retiro Estado de pérdida No para préstamo Código de colección Localización permanente Ubicación/localización actual Ubicación en estantería Fecha de adquisición Número de inventario Total de préstamos Signatura topográfica completa Código de barras Fecha visto por última vez Precio válido a partir de Tipo de ítem Koha
    Excluido de préstamo Patrimonio Dominicano Patrimonio Dominicano Patrimonio Dominicano Depósito 16.09.2010 LF1   232 M516j, 1997 22074-10 25.06.2020 25.06.2020 Libro y Folleto Colección Patrimonio Dominicano

Powered by Koha